|
|
|
|
| LEADER |
01101cam a2200289 7i4500 |
| 001 |
0000009865 |
| 005 |
20210107090000.0 |
| 020 |
|
|
|a 0443070024 (pbk.)
|
| 020 |
|
|
|a 9780443070020
|
| 090 |
0 |
0 |
|a QR17
|b .S25 2002
|
| 100 |
1 |
|
|a Stevens, Alan
|
| 245 |
1 |
0 |
|a Wheater's basic histopathology :
|b a colour atlas and text
|c Alan Stevens, James S. Lowe, Barbara Young ; drawings by Philip J. Deakin.
|
| 250 |
|
|
|a 4th ed.
|
| 260 |
|
|
|a Edinburgh:
|b Churchill Livingstone,
|c 2002.
|
| 300 |
|
|
|a viii, 295 p.:
|b col. ill.;
|c 30 cm.
|
| 650 |
0 |
0 |
|a Pathology
|
| 650 |
0 |
0 |
|a Histology
|
| 700 |
1 |
|
|a Lowe, James S
|
| 700 |
1 |
|
|a Deakin, Philip J
|
| 700 |
1 |
|
|a Young, Barbara
|
| 997 |
|
|
|a Engineering & Life Sciences, Faculty
|b Science & Biotechnology, Department
|
| 997 |
|
|
|a Health Sciences, Faculty
|
| 998 |
|
|
|a Biotechnology, Degree
|
| 999 |
|
|
|a 0000016229
|b BOK
|c REFERENCE
|e Ground Floor, Bestari Jaya
|
| 999 |
|
|
|a 0000018783
|b BOK
|c REFERENCE
|e Ground Floor, Bestari Jaya
|
| 999 |
|
|
|a 0000036570
|b BOK
|c REFERENCE
|e Ground Floor, Bestari Jaya
|
| 999 |
|
|
|a 0000037549
|b BOK
|c REFERENCE
|e Ground Floor, Bestari Jaya
|